Loading...
Ozhivu divasathe kali
| Main Authors: | , |
|---|---|
| Format: | Printed Book |
| Published: |
Kozhikodu
Mathrubhumi
|
| LEADER | 00488nam a22001457a 4500 | ||
|---|---|---|---|
| 082 | |a 894.812301 |b UNN/O | ||
| 100 | |a Unni R | ||
| 100 | |a ഉണ്ണി. ആർ | ||
| 240 | |a ഒഴിവു ദിവസത്തെ കളി | ||
| 245 | |a Ozhivu divasathe kali | ||
| 260 | |a Kozhikodu |b Mathrubhumi | ||
| 300 | |a 87p. | ||
| 942 | |c BK | ||
| 999 | |c 302103 |d 302103 | ||
| 952 | |0 0 |1 0 |4 0 |6 894_812301000000000_UNN_O |7 0 |9 322657 |a DKS |b DKS |c GEN |d 2020-10-07 |l 0 |o 894.812301 UNN/O |p DKS12609 |r 2020-10-07 |w 2020-10-07 |y BK | ||